000 00800cam a22002411 4500
001 2684835
003 ARRUPE
005 20160322092213.0
008 850627s1936 enkac 000 0aeng d
035 _a(OCoLC)ocm12208598
040 _aCSJ
_cCSJ
_dOCL
_dZCU
050 _aSPC DT962.72.C55A33 1936
099 _a968.9
_aC548
100 1 _aClark, Percy M.,
_d1874-1937.
_921698
245 1 4 _aThe autobiography of an old drifter;
_bthe life-story of Percy M. Clark of Victoria Falls.
_cWith a foreword by Sir Herbert J. Stanley.
260 _aLondon,
_bG.C. Harrap
_c[1936]
300 _a271 p.
_billus., port.
_c23 cm.
600 1 0 _aClark, Percy M.,
_d1874-1937.
_921698
651 0 _aZimbabwe
_xDescription and travel.
_99736
651 0 _aZambezi River
_95247
942 _2lcc
_cSPC
999 _c123998
_d123998